opac header logoIBA Library

Japans financial crisis : (Record no. 713)

MARC details
000 -LEADER
fixed length control field 00537nam a22001817a 4500
003 - CONTROL NUMBER IDENTIFIER
control field BD-DhUIB
005 - DATE AND TIME OF LATEST TRANSACTION
control field 20260518200045.0
008 - FIXED-LENGTH DATA ELEMENTS--GENERAL INFORMATION
fixed length control field 260518b |||||||| |||| 00| 0 eng d
020 ## - INTERNATIONAL STANDARD BOOK NUMBER
International Standard Book Number 0691128685
040 ## - CATALOGING SOURCE
Original cataloging agency BD-DhUIB
Transcribing agency BD-DhUIB
082 ## - DEWEY DECIMAL CLASSIFICATION NUMBER
Edition number 22
100 ## - MAIN ENTRY--PERSONAL NAME
Personal name Amyx, Jennifer A.
9 (RLIN) 1124
245 ## - TITLE STATEMENT
Title Japans financial crisis :
Remainder of title international rigidity and reluctant change/
Statement of responsibility, etc. by Jennifer A. Amyx.
260 ## - PUBLICATION, DISTRIBUTION, ETC.
Place of publication, distribution, etc. America.
Name of publisher, distributor, etc. Princeton University Press.
Date of publication, distribution, etc. c2004
300 ## - PHYSICAL DESCRIPTION
Extent xix, 365p. :
Other physical details illus. ;
Dimensions 24cm.
526 ## - STUDY PROGRAM INFORMATION NOTE
Program name MBA
942 ## - ADDED ENTRY ELEMENTS (KOHA)
Source of classification or shelving scheme Dewey Decimal Classification
Koha item type Books
Holdings
Withdrawn status Lost status Source of classification or shelving scheme Damaged status Not for loan Collection code Home library Current library Shelving location Date acquired Source of acquisition Total Checkouts Full call number Barcode Date last seen Price effective from Koha item type
    Dewey Decimal Classification     Non-fiction IBA Library IBA Library General Stacks 05/12/2026 Gift.   332.10952 00051737 05/18/2026 05/18/2026 Books
Copyright © 2021-2026 | IBA Library
Institute of Business Administration (IBA)
University of Dhaka
Library Home | IBA Home